Marvel Super Hero Squad Online - Statistics

General Stats
  • This quiz has been taken 584 times
    482 since last reset
  • The average score is 97 of 180
Answer Stats
Answer % Correct
Arctic Armor Iron Man
98%
Avengers Iron Man
98%
Hulkbuster Iron Man
98%
Iron Man
98%
Iron Man 2020
98%
Iron Man Midas
98%
Iron Man MK 42
98%
Iron Man MK I
98%
Iron Man MK II
98%
Iron Man Silver Centurion
98%
Stealth Armor Iron Man
98%
Avengers Thor
95%
Battle Armor Thor
95%
Classic Thor
95%
Thor
95%
Ultimate Thor
95%
Avengers Captain America
94%
Avengers Hulk
94%
Bucky Cap
94%
Captain America
94%
Captain America Stealth Suit
94%
Captain America Super Soldier
94%
Gladiator Hulk
94%
Hulk
94%
Indestructible Hulk
94%
Mr. Fix-it
94%
Superior Spider-man
94%
Armored Spider-man
93%
Black Suit Spider-man
93%
Bombastic Bag-man
93%
Ends of the Earth Spider-man
93%
First Appearance Spider-man
93%
Future Foundation Spider-man
93%
Iron Spider
93%
Spider-man
93%
Spider-man 2099
93%
Spider-man Ben Reilly
93%
Spider-man Noir
93%
Ultimate Comic Spider-man
93%
Avengers Black Widow
91%
Black Widow
91%
Avengers Hawkeye
85%
Hawkeye
85%
Avenging Wolverine
80%
Classic Wolverine
80%
Samurai Wolverine
80%
Street Clothes Wolverine
80%
Wolverine
80%
X-Force Wolverine
80%
Black Panther
74%
Loki
73%
Ant Man
72%
Giant Man
72%
Human Torch
71%
Scarlet Witch
70%
Mr. Fantastic
68%
Falcon
67%
Falcon Exo-7
67%
Astonishing Cyclops
66%
Cyclops
66%
Quicksilver
66%
Thing
66%
Tuxedo Thing
66%
Star-lord
65%
Dr. Strange
64%
Invisible Woman
64%
Magneto
64%
Thanos
64%
Groot
63%
Mohawk Storm
63%
Storm
63%
Winter Soldier
63%
Armored Daredevil
61%
Classic Daredevil
61%
Daredevil
61%
Gamora
61%
Wasp
61%
Avengers Nick Fury
60%
Nick Fury
60%
Rocket Raccoon
60%
War Machine
60%
Drax the Destroyer
59%
Vision
59%
Agent Venom
57%
Beast
57%
Dark Phoenix
57%
Jean Grey
57%
Phoenix
57%
White Phoenix
57%
Anti-Venom
55%
Captain Marvel
55%
Dark Surfer
55%
Silver Surfer
55%
Venom
55%
Dark Iron Patriot
54%
Green Goblin
54%
Deadpool
53%
Pirate Deadpool
53%
She Hulk
53%
X-Force Deadpool
53%
Iron Fist
52%
Luke Cage
51%
Iceman
50%
Dr. Doom
49%
Future Foundation Dr. Doom
49%
Mystique
49%
Avenging Rogue
47%
Rogue
47%
Ms Marvel
46%
Au Ultron
45%
Ultron
45%
Abomination
44%
Colossus
44%
Dr. Octopus
44%
Nightcrawler
44%
Swashbuckling Nightcrawler
44%
Angel
41%
Archangel
41%
Classic Ghost Rider
41%
Ghost Rider
41%
Red Hulk
41%
Arachne
39%
Elektra
39%
Pure Elektra
39%
Spider-woman
38%
Electro
37%
Punisher
37%
Blade
36%
Carnage
35%
Gambit
35%
Shadowcat
35%
Sabretooth
31%
Sandman
31%
Juggernaut
30%
MODOK
30%
Moon Knight
30%
Lizard
27%
Nova
27%
Nova (Sam Alexander)
27%
Black Cat
26%
Havok
26%
Cable
25%
Emma Frost
24%
Mysterio
24%
Psylocke
24%
Valkyrie
24%
X-Force Psylocke
24%
Agent Coulson
22%
Reptil
19%
Rescue
17%
Enchantress
16%
Red She-Hulk
16%
Sentry
14%
Beta Ray Bill
13%
Black Suit Spider-girl
13%
Spider-girl
13%
Wonderman
13%
Tigra
12%
Firestar
11%
Squirrel Girl
10%
Superskrull
10%
Dracula
9%
Goliath
9%
Guardian
9%
Hope Summers
9%
Morbius
9%
Taskmaster
9%
Annihilus
7%
Sasquatch
7%
American Dream
6%
Impossible Man
6%
Scarlet Spider
6%
Spider-ham
6%
Werewolf
6%
Destroyer
5%
Frankenstein
5%
Nighthawk
5%
Titanium Man
5%
Monkey King
4%
Onslaught
3%
No matching quizzes found
Score Distribution
Percent of People with Each Score
Percentile by Number Answered
Your Score History
You have not taken this quiz since the last reset